000 00316nam a2200133Ia 4500
005 20251222142015.0
008 251222s9999||||xx |||||||||||||| ||spa||
020 _a84-8088-829-6
082 _a658.403.8/O23
100 _aObeso, Carlos
245 0 _aEl Capital Intelectual
264 _bGestión 2000
942 _cLIB
999 _c10463
_d10463